| 000 | 00971nac a22002291u 4500 | ||
|---|---|---|---|
| 010 | _a87081435 | ||
| 020 | _a8185386722 | ||
| 082 | 0 | 0 |
_a658.4034 _bB9278 |
| 090 |
_c1103 _d1103 |
||
| 100 | _aBudnick, Frank S. | ||
| 245 | 1 | 0 |
_aPrinciples of operations research for management / _cFrank S. Budnick, Dennis McLeavey, Richard Mojena. |
| 250 | _a2nd ed. | ||
| 260 |
_aNew Delhi : _bA. I. T. B. S. publishers and distributers, _c2004. |
||
| 300 |
_axx, 988 p. : _bill. ; _c25 cm. |
||
| 500 | _aIncludes index. | ||
| 650 | 0 | _aOperations research. | |
| 700 | 1 | _aMcLeavey, Dennis W. | |
| 700 | 1 | _aMojena, Richard. | |
| 942 |
_cBB _k658.4034B9278 |
||
| 999 |
_c1103 _d1103 |
||